G91-辽中地区环线高速公路途径行政区 - Statistics

General Stats
  • This quiz has been taken 8 times
  • The average score is 5 of 6
Answer Stats
序号 行政区 备注 % Correct
2 辽阳
100%
1 本溪 里程零点
86%
3 沈阳
86%
4 铁岭
86%
5 抚顺
71%
6 本溪 返回里程零点
71%
No matching quizzes found
Score Distribution
Percent of People with Each Score
Percentile by Number Answered
Your Score History
You have not taken this quiz